ბათუმის შოთა რუსთაველის სახელმწიფო უნივერსიტეტის ბიბლიოთეკა

Studia in honorem (ბიბ.ჩანაწერი № 60994)

000 -LEADER
fixed length control field 00455nam a22001697a 4500
005 - DATE AND TIME OF LATEST TRANSACTION
control field 20231205100816.0
008 - FIXED-LENGTH DATA ELEMENTS--GENERAL INFORMATION
fixed length control field 231205s1995 enk||||| |||| 00| 0 eng d
041 ## - LANGUAGE CODE
Language code of text/sound track or separate title eng
080 ## - UNIVERSAL DECIMAL CLASSIFICATION NUMBER
Universal Decimal Classification number 902/904 S-90
100 ## - MAIN ENTRY--PERSONAL NAME
Personal name Mihailov, Georgi
9 (RLIN) 20576
245 ## - TITLE STATEMENT
Title Studia in honorem
Statement of responsibility, etc. Georgi Mihailov.
264 ## - PRODUCTION, PUBLICATION, DISTRIBUTION, MANUFACTURE, AND COPYRIGHT NOTICE
Place of production, publication, distribution, manufacture Sofia,
Date of production, publication, distribution, manufacture, or copyright notice 1995.
300 ## - PHYSICAL DESCRIPTION
Extent 524 p.:
Other physical details il.;
Dimensions 24 cm.
653 ## - INDEX TERM--UNCONTROLLED
keyword ისტორია
653 ## - INDEX TERM--UNCONTROLLED
keyword არქეოლოგია
942 ## - ADDED ENTRY ELEMENTS (KOHA)
Source of classification or shelving scheme
Koha item type წიგნი

არაა ხელმისაწვდომი ეგზემპლარები.